Statistics for Parties that stood in the UK General Election, June 2017

Click here to take the quiz!

General Stats

  • This quiz has been taken 53 times
  • The average score is 13 of 24

Answer Stats

# of seats contestedAnswer% Correct
638Conservative and Unionist Party
100%
631Labour Party
100%
629Liberal Democrats
98%
378United Kingdom Independence Party (UKIP)
95%
457Green Party of England and Wales
93%
59Scottish National Party (SNP)
90%
17Democratic Unionist Party (DUP)
80%
40Plaid Cymru
73%
18Sinn Féin
73%
14Ulster Unionist Party (UUP)
63%
10British National Party (BNP)
56%
12Official Monster Raving Loony Party
51%
18Social Democratic and Labour Party (SDLP)
49%
21The Yorkshire Party
39%
18Alliance Party of Northern Ireland
32%
6Social Democratic Party
32%
50Co-operative Party
27%
7English Democrats
27%
7Women's Equality Party
22%
7Green Party in Northern Ireland
15%
5National Health Action Party
15%
31Christian Peoples Alliance
12%
10Pirate Party UK
12%
5Workers Revolutionary Party
10%

Score Distribution

Percentile by Number Answered

Percent of People with Each Score

Your Score History

You have not taken this quiz